[Event "51st Groningen Open A 2013"]
[Site "Groningen NED"]
[Date "2013.12.24"]
[Round "4.35"]
[White "Heemskerk,W"]
[Black "Sparenberg,E"]
[Result "1/2-1/2"]
[WhiteElo "2240"]
[BlackElo "2112"]

1.Nf3 Nf6 2.c4 g6 3.g3 Bg7 4.Bg2 O-O 5.d4 d6 6.O-O Nc6 7.Nc3 a6 8.Qd3 e5
9.dxe5 dxe5 10.Qxd8 Rxd8 11.Bg5 Be6 12.Nd2 h6 13.Bxf6 Rxd2 14.Bxg7 Kxg7 15.Bxc6 bxc6
16.b3 Rad8 17.Rfd1 Bf5 18.Kf1 R8d4 19.Rxd2 Rxd2 20.Ke1 Rc2 21.Nd1 Kf6 22.Ne3 Rb2
23.Nd1 Rc2 24.Ne3 Rb2 25.Nd1 Rc2  1/2-1/2

[Event "22nd Donau Open 2013"]
[Site "Aschach AUT"]
[Date "2013.12.27"]
[Round "3.8"]
[White "Jurek,J"]
[Black "Meskovs,N"]
[Result "1-0"]
[WhiteElo "2289"]
[BlackElo "2431"]

1.c4 Nf6 2.Nf3 g6 3.g3 Bg7 4.Bg2 O-O 5.O-O d6 6.d4 Nbd7 7.Nc3 c5 8.b3 a6
9.Bb2 Rb8 10.a4 b6 11.e4 Bb7 12.Re1 cxd4 13.Nxd4 e6 14.Qc2 Qc7 15.Rad1 Rbd8
16.Rd2 Qb8 17.Ba3 Nc5 18.b4 Ncd7 19.Nb3 Ne5 20.Nd1 Rc8 21.c5 d5 22.exd5 Bxd5
23.Bb2 Nf3+ 24.Bxf3 Bxf3 25.Be5 Qb7 26.Qb2 Bh1 27.f3 Rcd8 28.Bxf6 Qxf3 29.Bxg7 Rxd2
30.Qxd2 Kxg7 31.Qc3+  1-0

[Event "51st Groningen Open A 2013"]
[Site "Groningen NED"]
[Date "2013.12.27"]
[Round "6.34"]
[White "Balje,J"]
[Black "Zojer,S"]
[Result "1-0"]
[WhiteElo "2198"]
[BlackElo "2089"]

1.Nf3 Nf6 2.c4 g6 3.g3 Bg7 4.Bg2 O-O 5.d4 d6 6.O-O a6 7.Nc3 Nc6 8.b3 Bg4
9.h3 Bxf3 10.Bxf3 Nd7 11.e3 e5 12.Ne2 f5 13.dxe5 dxe5 14.Bd5+ Kh8 15.Ba3 Rf6
16.f4 e4 17.Bb2 Rd6 18.Ba3 Rf6 19.Bxc6 Rxc6 20.Nd4 Rf6 21.Qd2 b6 22.Rad1 Nc5
23.Bxc5 bxc5 24.Ne2 Rd6 25.Qc2 Qf6 26.Rxd6 cxd6 27.Rd1 Rd8 28.Qd2 Qb2 29.Qxb2 Bxb2
30.Rd2 Bf6 31.g4 fxg4 32.hxg4 g5 33.Rd5 gxf4 34.g5 f3 35.Ng3 Rg8 36.Nxe4 Be7
37.Kf2 h6 38.gxh6 Rg6 39.Kxf3 Rxh6 40.Ng3 Rf6+ 41.Nf5 Bf8 42.Kf4 Kg8 43.Rd1 Kf7
44.Rh1 Ke6 45.e4 Be7 46.Rh8 Rf8 47.Rh6+ Rf6 48.Rh7 Bd8 49.Rh8 Kd7 50.e5  1-0

[Event "51st Groningen Open A 2013"]
[Site "Groningen NED"]
[Date "2013.12.29"]
[Round "8.22"]
[White "Balje,J"]
[Black "Chytilek,R"]
[Result "1/2-1/2"]
[WhiteElo "2198"]
[BlackElo "2374"]

1.Nf3 Nf6 2.c4 g6 3.g3 Bg7 4.Bg2 O-O 5.d4 d6 6.O-O c6 7.Nc3 Qb6 8.Re1 Bg4
9.b3 Qa5 10.Bb2 Qh5 11.Qd3 Nbd7 12.Nh4 Qa5 13.h3 Be6 14.e4 Nb8 15.f4 Bc8
16.Kh2 Nfd7 17.e5 dxe5 18.dxe5 Nc5 19.Qc2 Qb6 20.Ne4 Nxe4 21.Bxe4 Nd7 22.Rad1 Nc5
23.Bd4 Qb4 24.Bg2 Be6 25.f5 gxf5 26.Nxf5 Bxf5 27.Qxf5 e6 28.Qg5 Qa5 29.Qe7 b6
30.Bxc5 Qxc5 31.Qxc5 bxc5 32.Rd7  1/2-1/2